00265nam a22001097a 4500020001500000082001600015100002400031245002800055260003800083300000800121650002600129 a8125030727 a306.449 RAM aRamanathan, Vaidehi aThe English- Vernacular aNew DelhibOrient Blackswanc2007 a143 aLanguage and Politics